The making of a Christian leader / (Record no. 21323)

MARC details
000 -LEADER
fixed length control field 00930pam a2200301 i 4500
001 - CONTROL NUMBER
control field 3651607
003 - CONTROL NUMBER IDENTIFIER
control field OSt
005 - DATE AND TIME OF LATEST TRANSACTION
control field 20260310102650.0
008 - FIXED-LENGTH DATA ELEMENTS--GENERAL INFORMATION
fixed length control field 760420s1976 miu b 001 0 eng
010 ## - LIBRARY OF CONGRESS CONTROL NUMBER
LC control number 76013220
035 ## - SYSTEM CONTROL NUMBER
System control number 3651607
040 ## - CATALOGING SOURCE
Original cataloging agency DLC
Transcribing agency DLC
Modifying agency DLC
050 00 - LIBRARY OF CONGRESS CALL NUMBER
Classification number BV652.1
Item number .E53
082 00 - DEWEY DECIMAL CLASSIFICATION NUMBER
Classification number 254
100 1# - MAIN ENTRY--PERSONAL NAME
Personal name Engstrom, Theodore Wilhelm,
Dates associated with a name 1916-
245 14 - TITLE STATEMENT
Title The making of a Christian leader /
Statement of responsibility, etc. by Ted W. Engstrom ; foreword by W. Stanley Mooneyham.
260 ## - PUBLICATION, DISTRIBUTION, ETC. (IMPRINT)
Place of publication, distribution, etc. Grand Rapids :
Name of publisher, distributor, etc. Zondervan Pub. House,
Date of publication, distribution, etc. c1976.
300 ## - PHYSICAL DESCRIPTION
Extent 214 p. ;
Dimensions 23 cm.
336 ## - CONTENT TYPE
Content type term text
Content type code txt
Source rdacontent
337 ## - MEDIA TYPE
Media type term unmediated
Media type code n
Source rdamedia
338 ## - CARRIER TYPE
Carrier type term volume
Carrier type code nc
Source rdacarrier
500 ## - GENERAL NOTE
General note Includes indexes.
504 ## - BIBLIOGRAPHY, ETC. NOTE
Bibliography, etc Bibliography: p. [209]
650 #0 - SUBJECT ADDED ENTRY--TOPICAL TERM
Topical term or geographic name as entry element Christian leadership.
906 ## - LOCAL DATA ELEMENT F, LDF (RLIN)
a 7
b cbc
c orignew
d 1
e ocip
f 19
g y-gencatlg
942 ## - ADDED ENTRY ELEMENTS (KOHA)
Source of classification or shelving scheme Library of Congress Classification
Koha item type General Collection
Holdings
Withdrawn status Lost status Source of classification or shelving scheme Not for loan Home library Current library Shelving location Date acquired Source of acquisition Inventory number Total Checkouts Full call number Barcode Date last seen Copy number Price effective from Koha item type
    Library of Congress Classification   Kabarak, Main Campus Kabarak, Main Campus General Stacks 10/03/2026 Donation 2025/3785   BV652.1 .E53 1916 C.1 38335 10/03/2026 C.1 10/03/2026 General Collection
Designed with assistance from East African Informatics Ltd